000 00561cam a22002053a 4500
001 44987
003 PGUSA
005 20140828084028.0
008 140223s2014||||xxu|||||s|||||000 | eng d
040 _aPGUSA
_beng
042 _adc
100 1 _aLambourne, Alfred
245 1 4 _aThe Pioneer Trail
_h[electronic resource] /
_cAlfred Lambourne
260 _bProject Gutenberg,
_c2014
506 _aPublic domain in the USA.
516 _aElectronic text
830 0 _aProject Gutenberg
_v44987
856 4 0 _uhttp://www.gutenberg.org/ebooks/44987
942 _cEB
999 _c274238
_d274238